000
00319pab a2200145 454500
008
180718b2017 xxu||||| |||| 00| 0 eng d
100
_a
Nayar, Kuldip
245
_a
How unsafe are Muslims?
260
_c
2017
300
_a
p.7-8.
362
_a
2 Sep
650
_a
Muslims
773
_a
Mainstream
909
_a
115775
999
_c
115769
_d
115769